|
|
|
|
| LEADER |
00000nas a2200000 i 4500 |
| 001 |
ssj0001364988 |
| 003 |
WaSeSS |
| 005 |
20200512172242.0 |
| 006 |
m d |
| 007 |
cr n |
| 008 |
141027c20uu9999txumr p|s|||||| |0eng d |
| 035 |
|
|
|a (WaSeSS)ssj0001364988
|
| 040 |
|
|
|a WaSeSS
|b eng
|c WaSeSS
|d WaSeSS
|
| 050 |
|
4 |
|a TN860
|
| 245 |
0 |
0 |
|a E & P
|h [electronic resource].
|
| 246 |
1 |
|
|a E and P
|
| 260 |
|
|
|a Houston, Texas :
|b Hart Energy
|
| 310 |
|
|
|a Monthly
|
| 506 |
|
|
|a License restrictions may limit access.
|
| 588 |
|
|
|a Description based on: January 2013; title from title screen (ProQuest, viewed Oct. 27, 2014).
|
| 588 |
|
|
|a Latest issue consulted: October 2014 (viewed Oct. 27, 2014).
|
| 650 |
|
0 |
|a Petroleum engineering
|v Periodicals.
|
| 650 |
|
0 |
|a Petroleum industry and trade
|v Periodicals.
|
| 650 |
|
0 |
|a Petroleum
|x Prospecting
|v Periodicals.
|
| 655 |
|
0 |
|a Electronic journals.
|
| 780 |
0 |
0 |
|t Hart's E&P
|
| 856 |
4 |
0 |
|z Full text available from Research Library: 01/01/2013 to present
|u https://search.proquest.com/publication/2032313
|